Statistics for Knowledge Quiz #2

Click here to take the quiz!

General Stats

  • This quiz has been taken 38 times
  • The average score is 8 of 15

Answer Stats

QuestionAnswer% Correct
What's the smallest country in the world?Vatican City
100%
What is Sodium Chloride?Salt
84%
Name a former member of the European Union.United Kingdom
81%
What language is spoken in Israel?Hebrew
78%
Which French military leader conqured most of Europe and is known as one of the best military leaders ever?Napoleon Bonaparte
76%
What university has the most renowned dictionary?Oxford
76%
How is cancer generally treated?Chemotherapy
73%
What country speaks the language Khmer?Cambodia
54%
What's absolute zero in Kelvin?0
51%
If a woman has a genetic mutation on the Y chromosome, what's the chance that her daughter will have the disease? (Answer in percentage).0%
49%
What type of light does the James Webb telescope pick up on?Infrared
19%
What does an SSL certificate for a website grant?Security
16%
What does SQL stand for?Structured Query Language
11%
Which country uses "Tenge" as their currency?Kazakhstan
8%
What's the biological term for Down's Syndrome?Trisomy 21
5%

Score Distribution

Percentile by Number Answered

Percent of People with Each Score

Your Score History

You have not taken this quiz